| 000 | 00989nam a22002897a 4500 | ||
|---|---|---|---|
| 001 | BR7100964 | ||
| 003 | BR-BrBNA | ||
| 005 | 20230928083723.0 | ||
| 007 | ta | ||
| 008 | 230509b bl.||||| |||| 00| 0 por d | ||
| 040 |
_aBR-BrBNA _bpor _cBiblioteca Nacional de Agricultura |
||
| 041 | _a(Por) | ||
| 072 |
_aE10 _b/G514 |
||
| 090 | _ E10 BR7100964 | ||
| 110 | 1 |
_aInstituto Nacional de Colonizacao e Reforma Agraria, Porto Alegre, RS (Brasil). Coordenadoria Regional do Rio Grande do Sul _96442 |
|
| 245 | 1 | _aLevantamento de recursos naturais, socio-economicos e institucionais do estado do Rio Grande do Sul. Socio-economia. Analise da situacao atual. Recursos produtivos [Brasil] | |
| 260 | 3 |
_aPorto Alegre, RS (Brasil): _c1971. |
|
| 300 | _avp. | ||
| 500 | _a[Ca 300]p. | ||
| 650 | _aMAO-DE-OBRA | ||
| 650 | _aCAPITAL | ||
| 650 | _aESTATISTICA DE PRODUCAO | ||
| 650 | _aUSO DA TERRA | ||
| 650 | _aRIO GRANDE DO SUL | ||
| 909 |
_a202309 _bLucia _c55 _dLucia Elande |
||
| 942 | _cBK | ||
| 999 |
_c14931 _d14931 |
||